Religion and the transformation of capitalism : comparative approaches
Αποθηκεύτηκε σε:
| Κύριος συγγραφέας: | |
|---|---|
| Μορφή: | Βιβλίο |
| Γλώσσα: | English |
| Δημοσίευση: |
London :
Routledge,
c1995
|
| Θέματα: | |
| Ετικέτες: |
Προσθήκη ετικέτας
Δεν υπάρχουν, Καταχωρήστε ετικέτα πρώτοι!
|
MARC
| LEADER | 00000nam a2200000 i 4500 | ||
|---|---|---|---|
| 001 | 1/90762 | ||
| 008 | 991001s1995 eng d | ||
| 020 | |a 0-415-11917-0 | ||
| 035 | |l 10053254 | ||
| 040 | |a GR-MY-UA |b gre |e aacr | ||
| 041 | 0 | |a eng | |
| 082 | 0 | |a 291.1785 | |
| 100 | 1 | |a Roberts, Richard H. |d 1946- | |
| 245 | 1 | 0 | |a Religion and the transformation of capitalism : |b comparative approaches / |c edited by Richard Roberts |
| 260 | |a London : |b Routledge, |c c1995 | ||
| 300 | |a 347 p. | ||
| 500 | |a Proceedings of a conference on Religion and the Resurance of Capitalism at he University of LAncaster, July 1991 | ||
| 504 | |a Includes bibliographical references and index | ||
| 650 | 0 | 0 | |a Religion and sociology |x Congresses. |
| 650 | 0 | 0 | |a Capitalism |x Religious aspects |x Congresses. |
| 650 | 0 | 0 | |a Religions |x Congresses. |
| 852 | |a INST |b LESVOS |e 19991001 |h 291.1785 REL |p 005100022624 |q 005100022624 |t BK |y 0 | ||
| 901 | |a BIBL1-1999-3 | ||
| 909 | |a Λ |b 066478 | ||
| 922 | |a 1ΕΛΗ |b 199906 |c ΚΠΣ/ΤΚΑ |d ΠΑΠΑΣΩΤΗΡΙΟΥ | ||
| 950 | |a 117-1998-07-12 | ||
| 970 | |a ΤΖΑΦΕΡΗ |b ΕΥΑΓΓΕΛΙΑ |z 1999/12/06 | ||